[Event "Titled Tuesday intern op 27th Jun Early"]
[Site "Chess.com INT"]
[Date "2023.06.27"]
[Round "6"]
[White "Vasques, Antonio Pedro Freix"]
[Black "Vyatkin, Dmitry"]
[Result "1/2-1/2"]
[WhiteElo "2223"]
[BlackElo "2362"]
[PlyCount "126"]
[EventDate "2023.06.27"]
[EventType "swiss (blitz)"]
[EventRounds "11"]
[EventCountry "USA"]
[SourceTitle "EXT 2024"]
[Source "ChessBase"]
[SourceDate "2023.10.10"]
[SourceVersion "1"]
[SourceVersionDate "2023.10.10"]
[SourceQuality "1"]

1. c4 Nf6 2. d4 g6 3. Nc3 Bg7 4. Nf3 d6 5. g3 0-0 6. Bg2 Nc6 7. 0-0 a6 8. Qd3 Nb4 9. Qb1 a5 10. a3 Na6 11. Rd1 c6 12. e4 Bg4 13. h3 Bxf3 14. Bxf3 Qc7 15. Be3 e5 16. d5 Nc5 17. b4 axb4 18. axb4 Rxa1 19. Qxa1 Nb3 20. Qb2 Nd4 21. Bxd4 exd4 22. Ne2 Re8 23. Nxd4 Nxe4 24. Re1 c5 25. Rxe4 Rxe4 26. Bxe4 Bxd4 27. Qb3 Qb6 28. b5 Qa5 29. Kg2 Qe1 30. Qf3 f5 31. Bd3 Qd2 32. Qe2 Qxe2 33. Bxe2 Kf7 34. f4 Ke7 35. Kf3 Kd7 36. g4 fxg4+ 37. hxg4 Ke7 38. Bd3 Kf6 39. g5+ Kf7 40. Kg4 Kg7 41. Be4 Be3 42. f5 gxf5+ 43. Kxf5 Kf7 44. Bf3 b6 45. Bh5+ Ke7 46. Kg4 Kf8 47. Kf5 Ke7 48. Be2 Bd2 49. Bd3 Kf7 50. Kg4 Kg7 51. Kh5 Bc1 52. Bf5 Bd2 53. Be4 h6 54. gxh6+ Bxh6 55. Kg4 Kf6 56. Kf3 Ke5 57. Bd3 Kd4 58. Bf1 Bg7 59. Be2 Be5 60. Bf1 Kc3 61. Be2 Kd4 62. Bf1 Kc3 63. Be2 Kd4 1/2-1/2

[Event "Titled Tuesday intern op 02nd May Early"]
[Site "Chess.com INT"]
[Date "2023.05.02"]
[Round "10"]
[White "Vasques, Antonio Pedro Freix"]
[Black "Osiecki, Stanislaw"]
[Result "1-0"]
[WhiteElo "2216"]
[BlackElo "2055"]
[PlyCount "97"]
[EventDate "2023.05.02"]
[EventType "swiss (blitz)"]
[EventRounds "11"]
[EventCountry "USA"]
[SourceTitle "EXT 2024"]
[Source "ChessBase"]
[SourceDate "2023.10.10"]
[SourceVersion "1"]
[SourceVersionDate "2023.10.10"]
[SourceQuality "1"]

1. Nf3 Nf6 2. d4 g6 3. c4 Bg7 4. Nc3 d6 5. e4 0-0 6. Be2 e5 7. 0-0 Nbd7 8. d5 Nc5 9. Qc2 a5 10. Be3 b6 11. Nd2 Bd7 12. b3 Ng4 13. Bxg4 Bxg4 14. a3 Bd7 15. b4 Nb7 16. Nb5 f5 17. f3 f4 18. Bf2 g5 19. Nb3 g4 20. Kh1 gxf3 21. gxf3 Kh8 22. bxa5 Nxa5 23. Nxa5 Rxa5 24. a4 Bf6 25. Rg1 Ra8 26. Qd2 Rg8 27. a5 Rxg1+ 28. Bxg1 bxa5 29. Rxa5 Bxb5 30. cxb5 Rxa5 31. Qxa5 Qd7 32. Qa8+ Kg7 33. Qc6 Qh3 34. Qxc7+ Kg6 35. Qc3 Qf1 36. b6 Bd8 37. Qa3 Kh5 38. Qa2 Qxf3+ 39. Qg2 Qb3 40. h3 Bxb6 41. Qg4+ Kh6 42. h4 Bd8 43. Kg2 Qc2+ 44. Kf3 Qd3+ 45. Kf2 Qxe4 46. Qe6+ Kh5 47. Qe8+ Kxh4 48. Qxd8+ Kg4 49. Qg8+ 1-0

[Event "Titled Tuesday intern op 02nd May Early"]
[Site "Chess.com INT"]
[Date "2023.05.02"]
[Round "3"]
[White "Vasques, Antonio Pedro Freix"]
[Black "Vargas, Mauricio"]
[Result "1-0"]
[WhiteElo "2216"]
[BlackElo "2035"]
[PlyCount "61"]
[EventDate "2023.05.02"]
[EventType "swiss (blitz)"]
[EventRounds "11"]
[EventCountry "USA"]
[SourceTitle "EXT 2024"]
[Source "ChessBase"]
[SourceDate "2023.10.10"]
[SourceVersion "1"]
[SourceVersionDate "2023.10.10"]
[SourceQuality "1"]

1. e4 d5 2. exd5 Qxd5 3. Nc3 Qa5 4. Bc4 Nf6 5. Nf3 Bg4 6. h3 Bh5 7. d4 e6 8. g4 Bg6 9. Ne5 Bd6 10. Qe2 0-0 11. Bd2 Qb6 12. 0-0-0 Qxd4 13. f4 Bxe5 14. fxe5 Nd5 15. Bxd5 Qxd5 16. Nxd5 exd5 17. h4 h6 18. h5 Be4 19. g5 hxg5 20. Bxg5 Nd7 21. h6 g6 22. h7+ Kh8 23. Qxe4 dxe4 24. Rxd7 f5 25. Bf6+ Rxf6 26. exf6 Rf8 27. Rg7 f4 28. Rxg6 f3 29. f7 e3 30. Rg8+ Rxg8 31. fxg8Q# 1-0

[Event "Titled Tuesday intern op 7th Mar Early"]
[Site "Chess.com INT"]
[Date "2023.03.07"]
[Round "3"]
[White "Da Silva, Erick Feitosa"]
[Black "Vasques, Antonio Pedro Freix"]
[Result "1-0"]
[WhiteElo "2011"]
[BlackElo "2208"]
[PlyCount "65"]
[EventDate "2023.03.07"]
[EventType "swiss (blitz)"]
[EventRounds "11"]
[EventCountry "USA"]
[SourceTitle "EXT 2024"]
[Source "ChessBase"]
[SourceDate "2023.10.10"]
[SourceVersion "1"]
[SourceVersionDate "2023.10.10"]
[SourceQuality "1"]

1. c4 b6 2. Nc3 Bb7 3. d4 Nf6 4. Nf3 g6 5. d5 Bg7 6. e4 0-0 7. Be2 c5 8. 0-0 d6 9. Bg5 e5 10. Qd2 Na6 11. Bh6 Bxh6 12. Qxh6 Ng4 13. Qh3 Bc8 14. Qg3 Kg7 15. Nh4 Nh6 16. f4 f6 17. fxe5 fxe5 18. Rxf8 Qxf8 19. Rf1 Qe7 20. Bh5 Qe8 21. Qg5 Ng8 22. Nf5+ Bxf5 23. exf5 Nc7 24. Ne4 Rd8 25. f6+ Kf7 26. Bg4 h6 27. Qh4 Qa4 28. Qh3 Qxc4 29. Be6+ Nxe6 30. Qxe6+ Kf8 31. Nxd6 Qd4+ 32. Kh1 e4 33. Qf7# 1-0